Szczegóły MARC21

Tragikomedia o wyprawie do Jerozolimy Najjaśniejszego Księcia Pomorskiego = Tragicocomedia sive de Iherosolomitana profectione Illustrissimi Principis Pomeriani /

003 -Nazwa inst., której nr kontr. jest w polu 001 [,]
    • @
    • Nazwa instytucji, której n kontrolny jest w polu 001
    • NUKAT
005 -DATA I CZAS OSTATNIEJ MODYFIKACJI [,]
    • @
    • pole kontrolne
    • 20250301003939.0
020 -Międzynarod. znormalizowany nr książki - ISBN [ , ]
    • a
    • Numer ISBN
    • 9788364070709 Find
020 -Międzynarod. znormalizowany nr książki - ISBN [ , ]
    • a
    • Numer ISBN
    • 9788360816882 Find
040 -Instytucja sporządzająca opis [ , ]
    • a
    • Instytucja, która sporządziła opis (NP)
    • Ł U/eg
    • b
    • Język katalogowania
    • pol
    • e
    • Zasady katalogowania
    • rda
    • c
    • Instytucja, która sporządziła rekord (NP)
    • Ł U/eg
    • d
    • Instytucja, która zmodyfikowała rekord (P)
    • Ł U/eg
    • d
    • Instytucja, która zmodyfikowała rekord (P)
    • WR U/AKAs
    • d
    • Instytucja, która zmodyfikowała rekord (P)
    • Ł U/RRs
041 -Język dokumentu [1, ]
    • a
    • Język tekstu (P)
    • polski
    • a
    • Język tekstu (P)
    • łaciński
    • h
    • Język tekstu oryginalnego i/lub pośredniego (P)
    • łaciński
942 -Rodzaj dokumentu [ , ]
    • c
    • Rodzaj dokumentu
    • Książka
100 -Hasło główne - nazwa osobowa [1, ]
    • a
    • Nazwa osobowa (NP)
    • Kitscher, Johann von
    • d
    • Daty biograficzne (NP)
    • (około 1460-około 1521).
    • e
    • Rodzaj współpracy
    • Autor
    • 9
    • KHW
    • 695822
245 -Strefa tytułu i oznaczenia odpowiedzialności [1,0]
    • a
    • Tytuł
    • Tragikomedia o wyprawie do Jerozolimy Najjaśniejszego Księcia Pomorskiego = Find
    • b
    • Ciąg dalszy tytułu (NP)
    • Tragicocomedia sive de Iherosolomitana profectione Illustrissimi Principis Pomeriani / Find
    • c
    • Pozostałe elementy strefy tytułu i oznaczenia odpowiedzialności (NP)
    • Johann Kitscher ; przełożyła i opracowała Elwira Buszewicz.
246 -Wariant tytułu [3,1]
    • a
    • Tytuł (NP)
    • Tragicocomedia sive de Iherosolomitana profectione Illustrissimi Principis Pomeriani
250 -Strefa wydania [ , ]
    • a
    • Oznaczenie wydania (NP)
    • Wydanie I.
260 -Strefa adresu wydawniczego [ , ]
    • a
    • Miejsce wydania (P)
    • Szczecin :
    • b
    • Nazwa wydawcy (P)
    • Książnica Pomorska :
    • b
    • Nazwa wydawcy (P)
    • Zamek Książąt Pomorskich,
    • c
    • Data wydania (P)
    • 2023.
300 -Strefa opisu fizycznego [ , ]
    • a
    • Określenie formy książki i/lub objętość (NP)
    • 155, [5] stron :
    • b
    • Oznaczenie ilustracji (NP)
    • ilustracje ;
    • c
    • Format (NP)
    • 19 cm.
336 -Typ zawartości [ , ]
    • a
    • Termin opisujący typ zawartości
    • Tekst
    • b
    • Kod określający zawartość
    • txt
    • 2
    • Źródło (terminu i kodu)
    • rdacontent
337 -Typ mediów [ , ]
    • a
    • Tryb odtwarzania
    • Bez urządzenia pośredniczącego
    • b
    • Kod typu mediów
    • n
    • 2
    • Źródło (terminu i kodu)
    • rdamedia
338 -Typ/rodzaj nośnika [ , ]
    • a
    • Hasło opisujące typ nośnika
    • Wolumin
    • b
    • Kod typu nośnika
    • nc
    • 2
    • Źródło (terminu i kodu)
    • rdacarrier
380 -Deskryptor - Forma dzieła (P) [ , ]
    • a
    • forma dzieła (NP)
    • Książki
380 -Deskryptor - Forma dzieła (P) [ , ]
    • a
    • forma dzieła (NP)
    • Publikacje naukowe
380 -Deskryptor - Forma dzieła (P) [ , ]
    • a
    • forma dzieła (NP)
    • Dramat (rodzaj)
386 -Deskryptor - przynależność kulturowa (P) [ , ]
    • m
    • Wyrażenie wprowadzające (NP)
    • Przynależność kulturowa
    • a
    • Przynależność kulturowa (NP)
    • Literatura niemiecko-łacińska
388 -Deskryptor - czas powstania dzieła (P) [1, ]
    • a
    • Czas powstania dzieła (NP)
    • 1501-1600
500 -Uwaga ogólna [ , ]
    • a
    • Uwaga ogólna (NP)
    • Publikacja ukazała się w ramach obchodów roku Bogusława X Wielkiego, organizowanych przez Zamek Książąt Pomorskich w Szczecinie.
504 -Uwaga dot. bibliogr. załącznikowej [ , ]
    • a
    • Uwaga dot. bibliografii załącznikowej
    • Bibliografia na stronach 48-54.
546 -Uwaga dot. języka [ , ]
    • a
    • Uwaga dot. języka
    • Tekst źródłowy równolegle w języku łacińskim i w przekładzie polskim.
600 -Hasło przedmiotowe w formie nazwy osobowej [0,7]
    • a
    • Nazwa osobowa
    • Bogusław
    • b
    • Numeracja zwiazana z nazwą
    • X
    • c
    • Dopowiedzenie
    • (książę szczeciński i słupski ;
    • d
    • Daty związane z nazwą
    • 1454-1523)
    • 2
    • Źródło terminu
    • DBN
600 -Hasło przedmiotowe w formie nazwy osobowej [0,7]
    • a
    • Nazwa osobowa
    • Bogusław
    • b
    • Numeracja zwiazana z nazwą
    • X
    • c
    • Dopowiedzenie
    • (książę szczeciński i słupski ;
    • d
    • Daty związane z nazwą
    • 1454-1532)
    • v
    • Określnik formalny
    • sztuki teatralne.
    • 2
    • Źródło terminu
    • kaba
600 -Hasło przedmiotowe w formie nazwy osobowej [1,7]
    • a
    • Nazwa osobowa
    • Kitscher, Johann von
    • d
    • Daty związane z nazwą
    • (około 1460-około 1521).
    • t
    • Tytuł
    • Tragicocomedia sive de Iherosolomitana profectione Illustrissimi Principis Pomeriani
    • 2
    • Źródło terminu
    • kaba
600 -Hasło przedmiotowe w formie nazwy osobowej [1,7]
    • a
    • Nazwa osobowa
    • Kitscher, Johann von
    • d
    • Daty związane z nazwą
    • (około 1460-około 1521).
    • t
    • Tytuł
    • Tragicocomedia sive de Iherosolomitana profectione Illustrissimi Principis Pomeriani
    • x
    • Określnik rzeczowy
    • krytyka tekstu.
    • 2
    • Źródło terminu
    • kaba
650 -Hasło przedmiotowe [ ,7]
    • a
    • Hasło przedmiotowe
    • Dwór (grupa osób)
    • 2
    • Źródło terminu
    • DBN
650 -Hasło przedmiotowe [ ,7]
    • a
    • Hasło przedmiotowe
    • Pielgrzymki do Ziemi Świętej
    • 2
    • Źródło terminu
    • DBN
    • 9
    • KHW
    • 727871
650 -Hasło przedmiotowe [ ,7]
    • a
    • Hasło przedmiotowe
    • Święte Cesarstwo Rzymskie (962-1806)
    • 2
    • Źródło terminu
    • DBN
650 -Hasło przedmiotowe [ ,7]
    • a
    • Hasło przedmiotowe
    • Władcy
    • 2
    • Źródło terminu
    • DBN
    • 9
    • KHW
    • 722731
651 -Hasło przedmiotowe w formie nazwy geograficznej [ ,7]
    • a
    • Nazwa geograficzna
    • Pomorze Zachodnie
    • 2
    • Źródło terminu
    • DBN
    • 9
    • KHW
    • 721757
655 -Hasło w funkcji tematu formalnego [ ,7]
    • a
    • Hasło
    • Edycja krytyczna
    • 2
    • Źródło terminu
    • DBN
    • 9
    • KHW
    • 728112
655 -Hasło w funkcji tematu formalnego [ ,7]
    • a
    • Hasło
    • Tragikomedia
    • 2
    • Źródło terminu
    • DBN
    • 9
    • KHW
    • 157273
655 -Hasło w funkcji tematu formalnego [ ,7]
    • a
    • Hasło
    • Wydawnictwo źródłowe
    • 2
    • Źródło terminu
    • DBN
    • 9
    • KHW
    • 720943
655 -Hasło w funkcji tematu formalnego [ ,7]
    • a
    • Hasło
    • Tragikomedia łacińska średniowieczna i nowożytna
    • z
    • Określnik geograficzny
    • Polska
    • y
    • Określnik chronologiczny
    • 15 w.
    • 2
    • Źródło terminu
    • kaba
655 -Hasło w funkcji tematu formalnego [ ,7]
    • a
    • Hasło
    • Tragikomedia łacińska średniowieczna i nowożytna
    • z
    • Określnik geograficzny
    • Polska
    • y
    • Określnik chronologiczny
    • 15 w.
    • v
    • Określnik formy
    • tłumaczenia polskie.
    • 2
    • Źródło terminu
    • kaba
658 -Ujęcie treści [ , ]
    • a
    • dziedzina nauki i sztuki/ sfera aktywności życiowej
    • Historia
700 -Hasło dodatkowe - nazwa osobowa [1, ]
    • a
    • Nazwa osobowa (NP)
    • Buszewicz, Elwira Find
    • d
    • Daty biograficzne (NP)
    • (1962- ).
    • e
    • Określenie rodzaju współpracy
    • Tłumaczenie
    • e
    • Określenie rodzaju współpracy
    • Redakcja
    • 9
    • KHW
    • 9405
710 -Hasło dodatkowe - nazwa ciała zbiorowego [2, ]
    • a
    • Nazwa ciała zbiorowego lub nazwa geograficzna jako pierwszy element (NP)
    • Książnica Pomorska im. Stanisława Staszica (Szczecin).
    • e
    • Rodzaj współpracy
    • Wydawca
    • 4
    • Kod relacji
    • pbl
    • 9
    • KHW
    • 23858
710 -Hasło dodatkowe - nazwa ciała zbiorowego [2, ]
    • a
    • Nazwa ciała zbiorowego lub nazwa geograficzna jako pierwszy element (NP)
    • Zamek Książąt Pomorskich (Szczecin).
    • e
    • Rodzaj współpracy
    • Wydawca
    • 4
    • Kod relacji
    • pbl
    • 9
    • KHW
    • 10634
920 -ISBN [ , ]
    • a
    • ISBN
    • 978-83-64070-70-9 Find
920 -ISBN [ , ]
    • a
    • ISBN
    • 978-83-60816-88-2 Find
Status udost. Numer inwentarzowy Lokalizacja Data inwentaryzacji
-3WM.28518BG2023-12-05
1Z.126495BG2023-12-05
-3BEL.418BG2024-02-26